| 000 | 00955cam a2200313 i 4500 | ||
|---|---|---|---|
| 999 |
_c200443900 _d62112 |
||
| 003 | TR-AnTOB | ||
| 005 | 20210927163948.0 | ||
| 007 | ta | ||
| 008 | 111223s2009 tu 00001 tur d | ||
| 020 | _a9789752896123 | ||
| 035 | _a(OCoLC)769431808 | ||
| 040 |
_aSULEY _beng _erda _cSULEY _dTR-AnTOB |
||
| 041 | 0 | _atur | |
| 050 | 0 | 0 |
_aPL248.O74 _bH36 2009 |
| 090 |
_aPL248.O74 _bH36 2009 |
||
| 100 | 0 |
_aOrhan Kemal, _d1914-1970 _eauthor _9116977 |
|
| 245 | 1 | 0 |
_aVukuat var : _bhanımın çiftliği 1 / _cOrhan Kemal. |
| 250 | _a13. Basım Eylül 2009 | ||
| 264 | 1 |
_aİstanbul : _bEverest Yayınları, _c2009. |
|
| 300 |
_a410 pages ; _c20 cm |
||
| 336 |
_atext _btxt _2rdacontent |
||
| 337 |
_aunmediated _bn _2rdamedia |
||
| 338 |
_avolume _bnc _2rdacarrier |
||
| 490 | 0 |
_aEverest ; _v685 _aTürkçe-edebiyat ; _v220 |
|
| 505 | 0 | _aVukuat var--Hanımın çiftliği 1 | |
| 650 | 0 |
_aTurkish fiction _92492 |
|
| 942 |
_2lcc _cBK |
||